000 00338 a2200157 4500
001 56587
020 _a8532518753
040 _cAnchieta - Pituba
100 _aDorfman, JoaquĆ­n
240 1 0 _aA cidade em chamas
_lpor
245 1 0 _aA cidade em chamas
300 _a293
362 0 _a2003
650 4 _aLiteratura juvenil
942 _cBK
999 _c56587
_d56587